| 000 -LEADER |
| fixed length control field |
01489nam a22002417a 4500 |
| 005 - DATE AND TIME OF LATEST TRANSACTION |
| control field |
20190816141646.0 |
| 008 - FIXED-LENGTH DATA ELEMENTS--GENERAL INFORMATION |
| fixed length control field |
190816b ||||| |||| 00| 0 eng d |
| 020 ## - INTERNATIONAL STANDARD BOOK NUMBER |
| International Standard Book Number |
9780746000588 |
| 040 ## - CATALOGING SOURCE |
| Transcribing agency |
KH8 |
| 082 ## - DEWEY DECIMAL CLASSIFICATION NUMBER |
| Classification number |
468.242 WIL |
| 100 ## - MAIN ENTRY--PERSONAL NAME |
| Personal name |
Wilkes, Angela |
| 245 ## - TITLE STATEMENT |
| Title |
Spanish for beginners / |
| Statement of responsibility, etc. |
Angela Wilkes; illustrated by John Shackell |
| 260 ## - PUBLICATION, DISTRIBUTION, ETC. |
| Place of publication, distribution, etc. |
London : |
| Name of publisher, distributor, etc. |
Usborne, |
| Date of publication, distribution, etc. |
2001. |
| 300 ## - PHYSICAL DESCRIPTION |
| Extent |
48 pages : |
| Other physical details |
color illustrations ; |
| Dimensions |
25 cm |
| 500 ## - GENERAL NOTE |
| General note |
Usborne internat-linked |
| 505 ## - FORMATTED CONTENTS NOTE |
| Formatted contents note |
About this book; saying "hello" and "goodbye"; what is your name?; naming things; where do you come from?; more about you; your family; your home; looking for things; what do you like?; table talk; your hobbies; telling the time; arranging things; asking where places are; finding your way around; going shopping; shopping and going to a cafe; months and seasons; colours and numbers; pronunciation guide; grammar; answers to puzzles. |
| 520 ## - SUMMARY, ETC. |
| Summary, etc. |
This title deals with everyday situations in which children may find themselves while abroad. Spanish grammar is clearly explained, and puzzles provide plenty of practice. This title is part of a series providing a thorough grounding in useful, basic language skills. |
| 650 ## - SUBJECT ADDED ENTRY--TOPICAL TERM |
| Topical term or geographic name entry element |
Spanish language |
| Form subdivision |
Problems, exercises, etc |
| General subdivision |
Juvenile literature. |
| 650 ## - SUBJECT ADDED ENTRY--TOPICAL TERM |
| Topical term or geographic name entry element |
Spanish language |
| Form subdivision |
Textbooks for foreign speakers |
| General subdivision |
English |
| Chronological subdivision |
Juvenile literature. |
| 650 ## - SUBJECT ADDED ENTRY--TOPICAL TERM |
| Topical term or geographic name entry element |
Spanish language. |
| 700 ## - ADDED ENTRY--PERSONAL NAME |
| Personal name |
Shackell, John |
| Relator term |
Illustrator |
| 942 ## - ADDED ENTRY ELEMENTS (KOHA) |
| Source of classification or shelving scheme |
|
| Koha item type |
Books - Non Ficton |